00722nam a2200181 a 450000100100000000500170001000800410002702000150006804000250008308200170010824501890012525000110031426000720032530000200039750400410041765000620045865000200052000002282320260416093035.0101118s2002 cu r 000 0 spa d a9597030551 aDO-SdBNPbspacBNPHU a345.07bC74300aCon honor, valentía y orgullo :bAlegatos presentados en las vistas de sentencia por los cinco pariotas cubanos injustamente condenados por un tribunal federal de la ciudad de Miami. a3a ed. aLa Habana :bOficina de Publicaciones del Consejo de Estado,c2002. a97 p. ;c21 cm. aIncluye notas al pie de la páginas 4aDemandas (derecho procesal)zMiami (Estados Unidos{Rpara} 0aJuicios orales